| 000 | 00883nam a22002537a 4500 | ||
|---|---|---|---|
| 003 | DO-SdBNP | ||
| 005 | 20220421093410.0 | ||
| 007 | ta | ||
| 008 | 210521e2020 dr ||||er|||| 001 0bspa d | ||
| 020 | _a9789945617887 | ||
| 040 |
_aDO-SdBNP _bspa _cBNPHU |
||
| 041 | _hspa | ||
| 082 | 4 |
_aRD861.5 _bJ61d _222 |
|
| 100 | 1 |
_aJiménez Íntimo, Ramón Antonio (RAJ Í), _d1962- _978642 |
|
| 245 | 1 | 0 |
_aDel Tao a la Cuántica / _bRamón Antonio Jiménez Íntimo (RAJÍ). |
| 260 |
_aSanto Domingo: _bPuerta hacia una visión taocuántica _bComunidad Literaria Taocuántica, _c2020. |
||
| 300 |
_a221 p. ; _c20 cm. |
||
| 500 | _aIncluye datos biográficos del autor en la solapa de la cubierta. | ||
| 590 | _aInventariado, 2021/MF | ||
| 650 | 4 |
_aPoesía dominicana _978812 |
|
| 650 | 4 |
_aLiteratura dominicana _978813 |
|
| 910 | _aValidado. Control de calidad MFF | ||
| 942 |
_2ddc _cLBS1 |
||
| 999 |
_c49831 _d49831 |
||